| 000 | 00605nam a22001817a 4500 | ||
|---|---|---|---|
| 003 | CEME | ||
| 005 | 20210628205342.0 | ||
| 008 | 210311b xxu||||| |||| 00| 0 eng d | ||
| 020 | _a0-8273-2522 | ||
| 040 | _c. | ||
| 082 | _a004 BRI'U | ||
| 100 |
_aBrightman, Richard.W Dimsdale, Jeffrey.M _975083 |
||
| 245 | _aUsing microcomputers tutorials for dbase iii + wordstar and 1-2-3 | ||
| 260 |
_aNEW DELHI _bGALGOTIA PUBLICATION _c1987 |
||
| 300 | _a266P | ||
| 650 |
_aMICROCOMPUTER PROGRAMMING DBASE II- COMPUTER PROGARM WORDSTAR- COMPUTER PROGRAM LOTUS 1-2-3 COMPUTER PROGRAM _975084 |
||
| 942 |
_cBK _2ddc |
||
| 999 |
_c580573 _d580573 |
||